[Event "Australian Reserves"]
[Site "Adelaide"]
[Date "2004.01.03"]
[Round "5.9"]
[White "Ghobrial, Adel"]
[Black "Guthrie, Aaron"]
[Result "0-1"]
[WhiteElo "1570"]
[BlackElo "1927"]
[PlyCount "70"]
[EventDate "2003.12.29"]
[EventType "swiss"]
[EventRounds "11"]
[EventCountry "AUS"]

1. e4 c5 2. Nf3 d6 3. Nc3 Nf6 4. d4 cxd4 5. Nxd4 a6 6. Be2 e6 7. O-O Be7 8. a4
O-O 9. Re1 Qc7 10. a5 Nbd7 11. Kh1 b5 12. axb6 Nxb6 13. f4 Bb7 14. Bf3 Rfd8 15.
Qe2 d5 16. e5 Ne4 17. Nd1 Bc5 18. c3 Qe7 19. Bxe4 dxe4 20. Nf2 Bxd4 21. cxd4
Qb4 22. Be3 Nc4 23. Red1 Bd5 24. Rab1 Qb3 25. Bc1 Na3 26. Ra1 Nc2 27. Rxa6 Rxa6
28. Qxa6 e3 29. Bxe3 Nxe3 30. Rg1 Qxb2 31. Qa5 Bxg2+ 32. Rxg2 Qb1+ 33. Rg1 Qb7+
34. d5 Rxd5 35. Qa4 Rd4+ 0-1

[Event "Australian Reserves"]
[Site "Adelaide"]
[Date "2004.01.03"]
[Round "5.10"]
[White "Sonter, Matthew"]
[Black "Lindberg, Douglas"]
[Result "1/2-1/2"]
[WhiteElo "1794"]
[BlackElo "1620"]
[PlyCount "86"]
[EventDate "2003.12.29"]
[EventType "swiss"]
[EventRounds "11"]
[EventCountry "AUS"]

1. e4 c5 2. c3 e6 3. d4 cxd4 4. cxd4 d5 5. exd5 Qxd5 6. Nc3 Qd8 7. Nf3 Nf6 8.
Bc4 Bb4 9. O-O O-O 10. Bg5 a6 11. Qe2 b5 12. Bb3 Bb7 13. Rad1 Bxc3 14. bxc3 Bd5
15. Ne5 h6 16. Bh4 g5 17. Bg3 Ne4 18. Bc2 f5 19. Qh5 Rf6 20. f4 Nxg3 21. hxg3
g4 22. Nxg4 fxg4 23. Qxg4+ Kh8 24. f5 exf5 25. Rxf5 Be6 26. Rxf6 Bxg4 27. Rxh6+
Kg7 28. Rg6+ Kf7 29. Rf1+ Ke7 30. Be4 Nd7 31. Bxa8 Be6 32. d5 Bf7 33. Rxa6 Qc8
34. Ra5 Qxc3 35. Rxb5 Qe3+ 36. Kh1 Qh6+ 37. Kg1 Qe3+ 38. Kh1 Qxg3 39. Bc6 Qh4+
40. Kg1 Qd4+ 41. Kh1 Qh4+ 42. Kg1 Qd4+ 43. Kh1 Qh4+ 1/2-1/2

[Event "Australian Reserves"]
[Site "Adelaide"]
[Date "2004.01.03"]
[Round "5.11"]
[White "Frost, Peter"]
[Black "Shaw, Robin A"]
[Result "1-0"]
[WhiteElo "1743"]
[BlackElo "1607"]
[PlyCount "91"]
[EventDate "2003.12.29"]
[EventType "swiss"]
[EventRounds "11"]
[EventCountry "AUS"]

1. d4 Nf6 2. c4 c5 3. d5 d6 4. Nc3 e6 5. e4 exd5 6. cxd5 Be7 7. Bd3 a6 8. a4
Qc7 9. h3 Nbd7 10. f4 c4 11. Bc2 Rb8 12. Be3 Nc5 13. Nf3 b5 14. axb5 axb5 15.
Bxc5 Qxc5 16. Qd4 Nd7 17. O-O O-O 18. Kh1 Bb7 19. Nxb5 Bxd5 20. exd5 Rxb5 21.
Qe4 Nf6 22. Qxe7 Rxb2 23. Rfe1 Rbb8 24. Qa7 Qxa7 25. Rxa7 Nxd5 26. Ng5 g6 27.
g3 Nb4 28. Bb1 h6 29. Ne4 d5 30. Nf6+ Kg7 31. Nd7 Rfe8 32. Ne5 Rf8 33. Bxg6
Rbe8 34. Bxf7 Nc6 35. Rc7 Rc8 36. Rxc8 Rxc8 37. Bxd5 Nxe5 38. fxe5 c3 39. Bb3
Rb8 40. Bc2 Kf7 41. e6+ Ke7 42. Re2 Rb6 43. Kg2 Rxe6 44. Rxe6+ Kxe6 45. Kf3 Kf6
46. Kg4 1-0

[Event "Australian Reserves"]
[Site "Adelaide"]
[Date "2004.01.03"]
[Round "5.13"]
[White "Stevens, Tristan"]
[Black "Lutley, Philip"]
[Result "1-0"]
[WhiteElo "1706"]
[BlackElo "1484"]
[PlyCount "87"]
[EventDate "2003.12.29"]
[EventType "swiss"]
[EventRounds "11"]
[EventCountry "AUS"]

1. e4 e6 2. d4 d5 3. exd5 exd5 4. c4 Nf6 5. Nc3 Bb4 6. Nf3 O-O 7. a3 Re8+ 8.
Be3 Bxc3+ 9. bxc3 Ng4 10. Kd2 Nxe3 11. fxe3 Qe7 12. Qe1 Be6 13. cxd5 Bxd5 14.
Bd3 Nd7 15. Qf2 Nf6 16. Rhe1 Be4 17. Bc4 Bg6 18. Qh4 Ne4+ 19. Kc2 Nd6+ 20. Bd3
Bxd3+ 21. Kxd3 Qxh4 22. Nxh4 Ne4 23. Rab1 b6 24. Nf3 f6 25. Nd2 Nxd2 26. Kxd2
Rad8 27. e4 c5 28. Kd3 Kf7 29. d5 f5 30. Rf1 g6 31. Rbe1 Re5 32. g4 Ke7 33.
gxf5 gxf5 34. Rxf5 Rxf5 35. exf5+ Kf6 36. Kc4 Rd7 37. Rf1 Rd6 38. a4 Rd7 39. a5
Rd6 40. a6 Rd7 41. Rf3 Rd6 42. Rh3 Rd7 43. Kb5 Kxf5 44. Kc6 1-0

[Event "Australian Reserves"]
[Site "Adelaide"]
[Date "2004.01.03"]
[Round "5.14"]
[White "Pengelley, Justin"]
[Black "Brockman, Roland"]
[Result "1-0"]
[WhiteElo "1834"]
[BlackElo "1604"]
[PlyCount "105"]
[EventDate "2003.12.29"]
[EventType "swiss"]
[EventRounds "11"]
[EventCountry "AUS"]

1. e4 Nf6 2. e5 Nd5 3. d4 d6 4. Nf3 dxe5 5. Nxe5 g6 6. c4 Nb6 7. Be2 Bg7 8. O-O
O-O 9. Nc3 c6 10. Be3 N8d7 11. f4 Nxe5 12. fxe5 Be6 13. b3 a5 14. Ne4 Qc7 15.
Qe1 Bf5 16. Ng3 Bc8 17. Qd2 c5 18. Bh6 cxd4 19. Bxg7 Kxg7 20. Qxd4 Be6 21. Rae1
Rfd8 22. Qf4 Qc5+ 23. Kh1 Rd4 24. Qe3 Rad8 25. Bf3 Qb4 26. Be4 Qd2 27. Bxb7
Qxe3 28. Rxe3 Rb8 29. Bf3 a4 30. Ne4 axb3 31. axb3 Nd7 32. Ng5 Bf5 33. Rd1
Rxd1+ 34. Bxd1 Nc5 35. g4 Bb1 36. Nf3 Rd8 37. Be2 Bc2 38. b4 Ne4 39. Kg2 Nd2
40. Nxd2 Rxd2 41. Kg3 Rd4 42. Rc3 Rd2 43. Bf3 f5 44. exf6+ exf6 45. c5 f5 46.
c6 f4+ 47. Kxf4 Rd4+ 48. Kg3 Ba4 49. c7 Bd7 50. b5 Bc8 51. b6 Rb4 52. b7 Bxb7
53. Bxb7 1-0

[Event "Australian Reserves"]
[Site "Adelaide"]
[Date "2004.01.03"]
[Round "5.15"]
[White "Antoniazzi, Francesco"]
[Black "Krstic, Slobodan"]
[Result "0-1"]
[WhiteElo "1665"]
[BlackElo "1922"]
[PlyCount "102"]
[EventDate "2003.12.29"]
[EventType "swiss"]
[EventRounds "11"]
[EventCountry "AUS"]

1. Nf3 b6 2. g3 Bb7 3. Bg2 g5 4. O-O g4 5. Nh4 Bxg2 6. Nxg2 Bg7 7. d4 e6 8. c4
Nc6 9. Be3 Nge7 10. Nc3 Nf5 11. d5 Ne5 12. dxe6 fxe6 13. Qa4 h5 14. Nf4 Kf7 15.
Rad1 h4 16. Nd3 d6 17. Bf4 Nxd3 18. Rxd3 e5 19. Be3 Kg6 20. c5 Nd4 21. cxd6
hxg3 22. fxg3 b5 23. Qa6 c6 24. Bxd4 exd4 25. Qxc6 Rf8 26. Qe4+ Kh6 27. Nd5
Rxf1+ 28. Kxf1 Qxd6 29. Ne7 Rf8+ 30. Kg1 Qf6 31. Qc6 Rd8 32. Qxf6+ Bxf6 33. Nc6
Rd6 34. Nxa7 b4 35. Rb3 d3 36. exd3 Bd4+ 37. Kg2 Bxa7 38. Rxb4 Rxd3 39. a4 Rd2+
40. Kf1 Bd4 41. b3 Kg6 42. a5 Kf5 43. a6 Ke5 44. Rb7 Rxh2 45. a7 Rf2+ 46. Ke1
Ra2 47. Rg7 Kf5 48. Rf7+ Ke4 49. Rf4+ Ke3 50. Kd1 Kd3 51. Ke1 Ra1# 0-1

[Event "Australian Reserves"]
[Site "Adelaide"]
[Date "2004.01.03"]
[Round "5.16"]
[White "Safarian, Alek"]
[Black "Donnelly, Philip W"]
[Result "1-0"]
[WhiteElo "1899"]
[BlackElo "1625"]
[PlyCount "61"]
[EventDate "2003.12.29"]
[EventType "swiss"]
[EventRounds "11"]
[EventCountry "AUS"]

1. d4 Nf6 2. c4 g6 3. Nc3 Bg7 4. e4 d6 5. f3 O-O 6. Be3 e5 7. d5 Nbd7 8. Qd2
Ne8 9. O-O-O Nc5 10. b4 Na6 11. a3 c5 12. dxc6 bxc6 13. c5 d5 14. exd5 cxd5 15.
Qxd5 Qf6 16. Qxa8 Nec7 17. Qxa7 e4 18. Bd4 Qf4+ 19. Kb2 Rd8 20. Nge2 Qg5 21. f4
Qg4 22. Bxg7 Rxd1 23. Nxd1 Kxg7 24. c6 Nb5 25. Qe3 Qe6 26. Nec3 Nd6 27. Qd4+
Kh6 28. Ne3 Nf5 29. Ng4+ Kh5 30. Nf6+ Kh6 31. Ng8+ 1-0

[Event "Australian Reserves"]
[Site "Adelaide"]
[Date "2004.01.03"]
[Round "5.17"]
[White "Bristina, Husein"]
[Black "McColl, Kevin"]
[Result "1-0"]
[WhiteElo "1614"]
[BlackElo "1881"]
[PlyCount "33"]
[EventDate "2003.12.29"]
[EventType "swiss"]
[EventRounds "11"]
[EventCountry "AUS"]

1. e4 d6 2. d4 Nf6 3. Nc3 g6 4. f4 Bg7 5. Nf3 O-O 6. Bc4 Nxe4 7. Bxf7+ Rxf7 8.
Nxe4 h6 9. O-O Bf5 10. Ng3 Bg4 11. Qd3 Kh7 12. Nh4 Rf6 13. h3 Bd7 14. Nh5 Rf7
15. Qxg6+ Kg8 16. f5 Qf8 17. Bxh6 1-0

[Event "Australian Reserves"]
[Site "Adelaide"]
[Date "2004.01.03"]
[Round "5.18"]
[White "Yachou, Nur"]
[Black "Hoholis, Harry"]
[Result "0-1"]
[WhiteElo "1764"]
[BlackElo "1606"]
[PlyCount "48"]
[EventDate "2003.12.29"]
[EventType "swiss"]
[EventRounds "11"]
[EventCountry "AUS"]

1. e4 e6 2. d4 d5 3. exd5 exd5 4. c4 Bb4+ 5. Nc3 Qe7+ 6. Be3 Nf6 7. h3 Bf5 8.
Nf3 Ne4 9. Qb3 Ng3 10. c5 Nc6 11. Bb5 Bxc3+ 12. Qxc3 Nxh1 13. Ne5 O-O 14. Nxc6
bxc6 15. Bxc6 Rad8 16. g4 Be4 17. Bb5 f5 18. gxf5 Rxf5 19. Be2 Rdf8 20. f4 Qh4+
21. Kd2 Rxf4 22. Bxf4 Qxf4+ 23. Qe3 Ng3 24. Bg4 Nf1+ 0-1

[Event "Australian Reserves"]
[Site "Adelaide"]
[Date "2004.01.03"]
[Round "5.19"]
[White "Davis, Tony J"]
[Black "Forace, Lee"]
[Result "1-0"]
[WhiteElo "1748"]
[BlackElo "1592"]
[PlyCount "49"]
[EventDate "2003.12.29"]
[EventType "swiss"]
[EventRounds "11"]
[EventCountry "AUS"]

1. d4 d5 2. c4 e6 3. Nc3 c6 4. Bf4 Nf6 5. e3 Be7 6. Nf3 O-O 7. Bd3 Nbd7 8. cxd5
exd5 9. Qc2 Re8 10. h3 Nf8 11. O-O-O a5 12. Ne5 Ne6 13. g4 g6 14. Bh2 Ng7 15.
Rdg1 Bd7 16. h4 b5 17. h5 Rc8 18. Nxf7 Kxf7 19. hxg6+ hxg6 20. Bxg6+ Kf8 21.
Be5 Bb4 22. Rh8+ Ke7 23. Bxe8 c5 24. Bxf6+ Kxf6 25. Qg6+ 1-0

[Event "Australian Reserves"]
[Site "Adelaide"]
[Date "2004.01.03"]
[Round "5.20"]
[White "Alkin, John"]
[Black "Djelaj, Pasko"]
[Result "1-0"]
[WhiteElo "1583"]
[BlackElo "1738"]
[PlyCount "105"]
[EventDate "2003.12.29"]
[EventType "swiss"]
[EventRounds "11"]
[EventCountry "AUS"]

1. d4 Nf6 2. c4 e6 3. Nc3 d5 4. Bg5 Nbd7 5. e3 c6 6. Nf3 h6 7. Bxf6 Nxf6 8.
cxd5 exd5 9. Qc2 Bd6 10. h3 O-O 11. Bd3 Re8 12. O-O Bd7 13. Bf5 a5 14. Rfc1 Re7
15. Bxd7 Nxd7 16. a3 Qf8 17. Rab1 f5 18. b4 Nb6 19. Nd2 axb4 20. axb4 Rf7 21.
b5 Nc8 22. bxc6 bxc6 23. Na4 Ra6 24. Nc5 Bxc5 25. Qxc5 Qxc5 26. Rxc5 Ne7 27. g3
h5 28. Rb8+ Kh7 29. Rb7 Kg8 30. Rc7 Kf8 31. Nf3 Rf6 32. Ne5 Re6 33. Rc2 g5 34.
Rb2 Rxe5 35. Rb8+ Kf7 36. dxe5 c5 37. Rbb7 Re6 38. f4 gxf4 39. exf4 c4 40. Kf2
Ke8 41. Rb8+ Kf7 42. Rd8 Ra6 43. Rdd7 Re6 44. Rxd5 Ke8 45. Rdc5 h4 46. Rxc4
hxg3+ 47. Kxg3 Rg6+ 48. Kh2 Re6 49. Ra4 Kd8 50. Raa7 Nc8 51. Rd7+ Ke8 52. Rab7
Ra6 53. Rh7 1-0

[Event "Australian Reserves"]
[Site "Adelaide"]
[Date "2004.01.03"]
[Round "5.21"]
[White "Cooke, Tristrom P"]
[Black "Kordahi, Nicholas"]
[Result "1-0"]
[WhiteElo "1486"]
[BlackElo "1728"]
[PlyCount "115"]
[EventDate "2003.12.29"]
[EventType "swiss"]
[EventRounds "11"]
[EventCountry "AUS"]

1. e4 c5 2. Bc4 e6 3. Nf3 Nc6 4. Qe2 Be7 5. Nc3 a6 6. a4 d6 7. O-O Nf6 8. d3
O-O 9. Bd2 b6 10. Nd1 Bb7 11. Ne3 Qc7 12. c3 Rad8 13. Rfe1 d5 14. exd5 exd5 15.
Ba2 Rfe8 16. Qf1 d4 17. Nf5 Bf8 18. Bg5 Bc8 19. Bxf6 Bxf5 20. Bxd8 Rxd8 21. Bc4
Qb7 22. Ne5 b5 23. Bxf7+ Kh8 24. Nxc6 Qxc6 25. axb5 axb5 26. cxd4 Rxd4 27. Qe2
Rd8 28. Bb3 Bxd3 29. Qe6 Qxe6 30. Rxe6 c4 31. Bd1 Bc5 32. Bf3 h6 33. Ra8 Rxa8
34. Bxa8 Bd4 35. Bc6 b4 36. Re8+ Kh7 37. Be4+ Bxe4 38. Rxe4 Bxb2 39. Rxc4 Bc3
40. Rc6 g5 41. g4 Kg7 42. Kf1 Be5 43. Rb6 Bxh2 44. Rxb4 h5 45. Rb7+ Kg6 46.
Rb6+ Kg7 47. gxh5 Bf4 48. Kg2 Kh7 49. Kh3 Kg7 50. Kg4 Kh7 51. Rg6 Bd2 52. Rxg5
Bxg5 53. Kxg5 Kg7 54. f4 Kh7 55. f5 Kg7 56. h6+ Kg8 57. Kf6 Kh8 58. Ke7 1-0

[Event "Australian Reserves"]
[Site "Adelaide"]
[Date "2004.01.03"]
[Round "5.22"]
[White "Murray, Russell"]
[Black "Escribano, Jose"]
[Result "1/2-1/2"]
[WhiteElo "1727"]
[BlackElo "1573"]
[PlyCount "78"]
[EventDate "2003.12.29"]
[EventType "swiss"]
[EventRounds "11"]
[EventCountry "AUS"]

1. e4 c5 2. c4 Nc6 3. Nc3 Nf6 4. d3 d6 5. g3 g6 6. Bg2 Bd7 7. Nge2 Qc8 8. O-O
Bg7 9. f4 O-O 10. Be3 Ng4 11. Bd2 Nd4 12. Rb1 a5 13. Nd5 Nxe2+ 14. Qxe2 Bd4+
15. Kh1 Qd8 16. Bf3 Nf6 17. Nxf6+ exf6 18. b3 Rb8 19. a4 Re8 20. h4 Bh3 21. Bg2
Bxg2+ 22. Qxg2 h6 23. f5 g5 24. Qf3 Kg7 25. Qh5 Rh8 26. Kg2 b6 27. Kf3 Qe7 28.
Be3 Qe5 29. Bxd4 Qxd4 30. Ke2 Rbe8 31. Qf3 d5 32. cxd5 Qxd5 33. Kf2 Qe5 34.
Rfd1 Rd8 35. Qe2 Rd4 36. hxg5 hxg5 37. Rh1 Rdd8 38. Kg2 Qd4 39. Rxh8 Rxh8
1/2-1/2

[Event "Australian Reserves"]
[Site "Adelaide"]
[Date "2004.01.03"]
[Round "5.23"]
[White "Lindberg, Gordon"]
[Black "Short, Andrew"]
[Result "1-0"]
[WhiteElo "1690"]
[BlackElo "1482"]
[Annotator "Wedding,Robin"]
[PlyCount "67"]
[EventDate "2003.12.29"]
[EventType "swiss"]
[EventRounds "11"]
[EventCountry "AUS"]

1. e4 d5 2. exd5 Qxd5 3. Nc3 Qd6 4. g3 Nc6 5. Bg2 Nf6 6. Nge2 a6 7. d4 Bf5 8.
O-O O-O-O 9. Bf4 Qd7 10. d5 Nb4 11. Qd4 Nfxd5 12. Qa7 {going for a cheapie!!}
Qc6 13. Nxd5 Rxd5 14. c4 Qxc4 15. Rac1 Bc2 16. a3 Qxe2 17. axb4 Rb5 18. Rxc2
Qxc2 19. Rc1 Qxc1+ 20. Bxc1 c6 21. Bd2 e5 22. Bh3+ Kc7 23. Qa8 c5 24. bxc5 Kc6
25. Qc8+ Kd5 26. Qd7+ Kxc5 27. b4+ Rxb4 28. Qc8+ Kb5 29. Qxb7+ Ka5 30. Bf1 Ka4
31. Qxa6+ Kb3 32. Qd3+ Ka4 33. Qc2+ Ka5 34. Qc4 1-0

[Event "Australian Reserves"]
[Site "Adelaide"]
[Date "2004.01.03"]
[Round "5.24"]
[White "Thorne, Richard"]
[Black "Tulevski, Vasil G"]
[Result "0-1"]
[WhiteElo "1562"]
[BlackElo "1871"]
[PlyCount "84"]
[EventDate "2003.12.29"]
[EventType "swiss"]
[EventRounds "11"]
[EventCountry "AUS"]

1. d4 d5 2. Nf3 Nf6 3. Bg5 e6 4. e3 Be7 5. Bd3 Nbd7 6. Nbd2 c5 7. c3 O-O 8. O-O
Re8 9. Ne5 Nxe5 10. dxe5 Nd7 11. Bxe7 Qxe7 12. f4 f6 13. Nf3 f5 14. g3 a6 15.
Ng5 h6 16. Nf3 Qd8 17. Nh4 Qb6 18. Qd2 Qc6 19. Qe2 b5 20. g4 fxg4 21. Qxg4 Nf8
22. Kf2 Ra7 23. Ng6 Nh7 24. Rg1 Qd7 25. Ke2 d4 26. Rad1 c4 27. Be4 d3+ 28. Kd2
Bb7 29. Bxb7 Rxb7 30. e4 b4 31. Rb1 Qa4 32. cxb4 Qc2+ 33. Ke3 d2 34. Rbd1 Rd7
35. f5 exf5 36. exf5 Ng5 37. h4 Qd3+ 38. Kf2 Rd4 39. Qh5 Qxf5+ 40. Ke2 Re4+ 41.
Kxd2 Nf3+ 42. Kc1 Qxh5 0-1

[Event "Australian Reserves"]
[Site "Adelaide"]
[Date "2004.01.03"]
[Round "5.25"]
[White "Peake, Michael"]
[Black "Oks, Oliver"]
[Result "0-1"]
[WhiteElo "1467"]
[BlackElo "1799"]
[PlyCount "72"]
[EventDate "2003.12.29"]
[EventType "swiss"]
[EventRounds "11"]
[EventCountry "AUS"]

1. e4 e5 2. Nf3 d6 3. Be2 f5 4. d3 Nf6 5. Nc3 Nc6 6. b3 Be6 7. Bb2 Qd7 8. Qd2
O-O-O 9. O-O-O d5 10. Nxd5 Nxd5 11. exd5 Qxd5 12. Ng5 Bb4 13. c3 Ba5 14. Bf3
Qd6 15. Qe2 Bb6 16. Bxc6 Qxc6 17. Qxe5 Rhe8 18. Nxe6 Rxe6 19. Qxf5 g6 20. Qh3
Bxf2 21. Rhf1 Be3+ 22. Kc2 Kb8 23. Rde1 Rde8 24. Rf3 Bc5 25. Rxe6 Rxe6 26. Kd2
Qe8 27. Rf1 Re2+ 28. Kc1 Rxb2 29. Qf3 Ba3 30. Kd1 Rb1+ 31. Kd2 Rb2+ 32. Kd1
Rxa2 33. h3 a6 34. g3 Bd6 35. g4 Qe6 36. c4 Qe5 0-1

[Event "Australian Reserves"]
[Site "Adelaide"]
[Date "2004.01.03"]
[Round "5.26"]
[White "Stokes, Mark C"]
[Black "Campbell, Paul"]
[Result "1-0"]
[WhiteElo "1530"]
[BlackElo "1282"]
[PlyCount "57"]
[EventDate "2003.12.29"]
[EventType "swiss"]
[EventRounds "11"]
[EventCountry "AUS"]

1. d4 Nf6 2. Bg5 e6 3. e4 d6 4. f4 Be7 5. Nc3 Nbd7 6. e5 Nd5 7. Bxe7 Nxe7 8.
Bd3 O-O 9. Ne4 dxe5 10. fxe5 Nf5 11. Nf3 b6 12. Qe2 Bb7 13. c3 Rc8 14. O-O c5
15. g4 Nh4 16. Nfg5 Bxe4 17. Nxe4 f6 18. Nd6 Rb8 19. Qe4 f5 20. gxf5 Qg5+ 21.
Kh1 Nxf5 22. Nxf5 Rxf5 23. Rxf5 Qxf5 24. Qxf5 exf5 25. Bxf5 Rd8 26. Rf1 a6 27.
Be6+ Kh8 28. Bxd7 Rxd7 29. Rf8# 1-0

[Event "Australian Reserves"]
[Site "Adelaide"]
[Date "2004.01.03"]
[Round "5.27"]
[White "Arocha, Leandro"]
[Black "Hunter, Daniel M"]
[Result "1/2-1/2"]
[WhiteElo "1545"]
[BlackElo "1777"]
[PlyCount "102"]
[EventDate "2003.12.29"]
[EventType "swiss"]
[EventRounds "11"]
[EventCountry "AUS"]

1. e4 e5 2. Nf3 Nc6 3. Bb5 Bc5 4. O-O d6 5. h3 a6 6. Ba4 b5 7. Bb3 Na5 8. Nc3
Nxb3 9. axb3 Bd7 10. Ne2 Nf6 11. d3 h6 12. Bd2 g5 13. b4 Bb6 14. Ng3 g4 15.
hxg4 Bxg4 16. Be3 Nh5 17. Bxb6 cxb6 18. d4 Rg8 19. dxe5 Rg6 20. Nxh5 Bxh5 21.
Qd3 Bxf3 22. Qxf3 dxe5 23. Rfd1 Qe7 24. Rd5 Rd6 25. Qg3 Rxd5 26. exd5 Kd7 27.
Qh3+ Kd6 28. Qxh6+ f6 29. Qe3 Qc7 30. c3 a5 31. f4 Re8 32. fxe5+ Rxe5 33. Qf4
Ke7 34. Qg3 Kd6 35. Rd1 Qe7 36. Qf2 Re3 37. bxa5 bxa5 38. Qf4+ Qe5 39. Qf2 Qg5
40. Rf1 Ke5 41. d6 Kxd6 42. Qxf6+ Qxf6 43. Rxf6+ Kc5 44. Rf4 Re2 45. b4+ axb4
46. cxb4+ Kc6 47. Kh2 Rc2 48. Kg3 Rc4 49. Kf3 Rc3+ 50. Ke4 Rg3 51. Rf6+ Kc7
1/2-1/2

[Event "Australian Reserves"]
[Site "Adelaide"]
[Date "2004.01.03"]
[Round "5.28"]
[White "Lindberg, Eric"]
[Black "Rigo, Bernard"]
[Result "1-0"]
[WhiteElo "1426"]
[BlackElo "1755"]
[PlyCount "77"]
[EventDate "2003.12.29"]
[EventType "swiss"]
[EventRounds "11"]
[EventCountry "AUS"]

1. d4 d5 2. Nf3 e6 3. Bf4 Nf6 4. e3 c6 5. Bd3 Bd6 6. Bg5 Nbd7 7. Nbd2 h6 8. Bh4
Qb6 9. b3 e5 10. dxe5 Nxe5 11. Nxe5 Bxe5 12. Rb1 Qa5 13. O-O Bc3 14. Nf3 Qxa2
15. Nd4 Bg4 16. f3 Be6 17. Be1 Bxd4 18. exd4 b5 19. Ra1 Qb2 20. c3 a5 21. Rf2
Qxa1 22. Qxa1 O-O 23. Ra2 a4 24. bxa4 bxa4 25. Rxa4 Rac8 26. Bg3 Bd7 27. Bd6
Rfe8 28. Ba6 Ra8 29. Bb7 Rxa4 30. Qxa4 Re6 31. Be5 Ne8 32. Qa8 f6 33. Bg3 Kf7
34. Qd8 Re7 35. Bc8 Bxc8 36. Qxc8 f5 37. Qxc6 Nf6 38. Be5 Re6 39. Qb5 1-0

[Event "Australian Reserves"]
[Site "Adelaide"]
[Date "2004.01.03"]
[Round "5.29"]
[White "Stewart, Clint"]
[Black "Clark, Domenic"]
[Result "0-1"]
[WhiteElo "1270"]
[BlackElo "1636"]
[PlyCount "39"]
[EventDate "2003.12.29"]
[EventType "swiss"]
[EventRounds "11"]
[EventCountry "AUS"]

1. e4 e6 2. d4 d5 3. Nc3 Nf6 4. Bg5 Be7 5. e5 Nfd7 6. h4 Bxg5 7. hxg5 Qxg5 8.
Nf3 Qe7 9. Qd2 Nc6 10. O-O-O Nb6 11. Qf4 Bd7 12. Bd3 O-O-O 13. Ng5 h6 14. Nh7
f5 15. exf6 gxf6 16. Nb5 e5 17. dxe5 Nxe5 18. Nxc7 Nxd3+ 19. Rxd3 Rxh7 20. Rhd1
0-1

[Event "Australian Reserves"]
[Site "Adelaide"]
[Date "2004.01.03"]
[Round "5.30"]
[White "Mendes da Costa, Alex"]
[Black "Davidson, Nathan P"]
[Result "1-0"]
[WhiteElo "1620"]
[BlackElo "1532"]
[PlyCount "53"]
[EventDate "2003.12.29"]
[EventType "swiss"]
[EventRounds "11"]
[EventCountry "AUS"]

1. e4 c5 2. Nf3 d6 3. d4 cxd4 4. Nxd4 Nf6 5. f3 a6 6. c4 Nc6 7. Nc3 g6 8. Be3
Bg7 9. Be2 O-O 10. Qd2 Qa5 11. O-O Nxd4 12. Bxd4 e5 13. Be3 Ne8 14. b4 Qd8 15.
c5 Be6 16. Rfd1 f5 17. cxd6 f4 18. Bc5 Nf6 19. b5 Nd7 20. Bf2 Nb6 21. bxa6 bxa6
22. Rab1 Nc4 23. Bxc4 Bxc4 24. Na4 Bb5 25. Qd5+ Kh8 26. Nc5 Qa5 27. a4 1-0

[Event "Australian Reserves"]
[Site "Adelaide"]
[Date "2004.01.03"]
[Round "5.31"]
[White "Stewart, Scott"]
[Black "Turcaj, Pavel"]
[Result "1-0"]
[WhiteElo "1618"]
[BlackElo "1395"]
[PlyCount "89"]
[EventDate "2003.12.29"]
[EventType "swiss"]
[EventRounds "11"]
[EventCountry "AUS"]

1. e4 e5 2. Bc4 Nf6 3. d3 Bc5 4. Nf3 Nc6 5. Nbd2 d6 6. O-O O-O 7. Bb3 Be6 8. c3
a6 9. Re1 Bb6 10. Bc2 d5 11. Qe2 d4 12. Nf1 dxc3 13. bxc3 Ng4 14. Ne3 Ba5 15.
Bd2 Bb6 16. h3 Nf6 17. Nf1 Qc8 18. Ng3 Ne7 19. Nxe5 Ng6 20. Nf3 Bxh3 21. gxh3
Qxh3 22. d4 Ng4 23. Qf1 Qxf1+ 24. Kxf1 c5 25. Rab1 Ba7 26. Rxb7 cxd4 27. cxd4
Rfd8 28. Nf5 Nf8 29. Ne7+ Kh8 30. Nc6 Rdc8 31. Ba4 Bb8 32. Nxb8 Rcxb8 33. Reb1
Rc8 34. Rxf7 Rc4 35. Bb3 Rcc8 36. Bd5 Rab8 37. Rxb8 Rxb8 38. Bb7 Kg8 39. Rc7
Nf6 40. Ne5 h6 41. f3 h5 42. Bxa6 h4 43. Rc2 Nh5 44. Bg5 Ne6 45. Bc4 1-0

[Event "Australian Reserves"]
[Site "Adelaide"]
[Date "2004.01.03"]
[Round "5.32"]
[White "Beckman, John"]
[Black "Eckermann, Andrew"]
[Result "1/2-1/2"]
[WhiteElo "1563"]
[BlackElo "1362"]
[PlyCount "192"]
[EventDate "2003.12.29"]
[EventType "swiss"]
[EventRounds "11"]
[EventCountry "AUS"]

1. e4 c5 2. f4 g6 3. Nf3 Bg7 4. c3 d6 5. Bc4 Nf6 6. e5 dxe5 7. fxe5 Nfd7 8. e6
fxe6 9. Bxe6 Nb6 10. Ng5 Rf8 11. d3 h6 12. Bxc8 Qxc8 13. Ne4 Qf5 14. Qe2 Be5
15. Be3 N8d7 16. Nbd2 O-O-O 17. O-O-O Bg7 18. Rhf1 Qd5 19. Kb1 Na4 20. Nc4 Nf6
21. Nxf6 Bxf6 22. Bxh6 Rh8 23. Bf4 Rhe8 24. Qg4+ Qd7 25. Qxd7+ Rxd7 26. Kc2 Nb6
27. Nxb6+ axb6 28. Rde1 Red8 29. Rf3 g5 30. Bd2 c4 31. d4 Rd5 32. g4 Rh8 33. h3
Ra5 34. Kb1 Kd7 35. a3 Rb5 36. Kc2 Rb3 37. Ra1 Rg8 38. a4 Bxd4 39. Be3 Bxe3 40.
Rxe3 Rf8 41. Rd1+ Ke8 42. Rde1 Rf2+ 43. R1e2 Rxe2+ 44. Rxe2 b5 45. a5 b4 46.
Re5 bxc3 47. bxc3 b6 48. axb6 Rxb6 49. Rxg5 Rh6 50. Rc5 Rxh3 51. Rxc4 Rg3 52.
Re4 Kd7 53. Kb3 Kd6 54. Kc4 e5 55. Kb4 Kd5 56. Rc4 e4 57. Rc5+ Kd6 58. c4 Rxg4
59. Rd5+ Ke6 60. Rd4 Ke5 61. Rd5+ Ke6 62. Kc3 Rg1 63. Kd2 Rg3 64. Rd8 e3+ 65.
Kd3 Ke7 66. Rd4 Rh3 67. Re4+ Kd6 68. Kd4 Rh1 69. Rxe3 Rd1+ 70. Kc3 Rc1+ 71. Kb3
Rb1+ 72. Kc2 Rb8 73. Kc3 Rh8 74. Rd3+ Kc6 75. Rg3 Rh5 76. Kb4 Kb6 77. Rg6+ Kc7
78. c5 Rh1 79. Rg3 Rb1+ 80. Rb3 Rxb3+ 81. Kxb3 Kc6 82. Kc4 Kc7 83. Kd5 Kd7 84.
c6+ Kc7 85. Kc5 Kc8 86. Kb6 Kb8 87. Kb5 Kc7 88. Kc5 Kc8 89. Kc4 Kc7 90. Kc5 Kc8
91. Kb6 Kb8 92. Ka6 Kc7 93. Kb5 Kc8 94. Kc5 Kc7 95. Kd5 Kc8 96. Kd6 Kd8 1/2-1/2

[Event "Australian Reserves"]
[Site "Adelaide"]
[Date "2004.01.03"]
[Round "5.34"]
[White "Juszczynski, Mathew"]
[Black "Dickson, Ian C"]
[Result "1-0"]
[WhiteElo "1658"]
[BlackElo "1667"]
[PlyCount "55"]
[EventDate "2003.12.29"]
[EventType "swiss"]
[EventRounds "11"]
[EventCountry "AUS"]

1. d4 Nf6 2. c4 c5 3. Nf3 cxd4 4. Nxd4 Nc6 5. g3 g6 6. Bg2 Bg7 7. O-O O-O 8.
Nc3 Qb6 9. e3 d6 10. h3 Bd7 11. b3 a6 12. Bb2 Rac8 13. Qd2 Rfd8 14. Rad1 Nxd4
15. exd4 Qc7 16. g4 h6 17. Rfe1 Re8 18. Rc1 e5 19. Nd5 Nxd5 20. cxd5 Qd8 21.
dxe5 dxe5 22. d6 Qb6 23. Rxc8 Rxc8 24. Bxe5 Bf8 25. Qf4 Bg7 26. Bd5 Rf8 27.
Bxg7 Kxg7 28. Re7 1-0

[Event "Australian Reserves"]
[Site "Adelaide"]
[Date "2004.01.04"]
[Round "6.1"]
[White "Cowley, Robert G"]
[Black "Harp, Joel"]
[Result "1/2-1/2"]
[WhiteElo "2022"]
[BlackElo "1845"]
[PlyCount "53"]
[EventDate "2003.12.29"]
[EventType "swiss"]
[EventRounds "11"]
[EventCountry "AUS"]

1. e4 c5 2. Nf3 e6 3. d4 cxd4 4. Nxd4 Nf6 5. Nc3 d6 6. Be2 Be7 7. O-O a6 8. f4
Nbd7 9. a4 Qc7 10. a5 b5 11. axb6 Nxb6 12. Bf3 Bb7 13. f5 e5 14. Nb3 Nc4 15.
Qe2 Rc8 16. Kh1 h6 17. Rd1 O-O 18. Nd2 Nxd2 19. Rxd2 Rfe8 20. Ra4 Bf8 21. Rd1
Qd7 22. Rc4 Rxc4 23. Qxc4 Rc8 24. Qd3 Qc7 25. Be2 Qc6 26. Bf3 Qc4 27. h3
1/2-1/2